000 00340nam a2200121Ia 4500
008 220216s9999 xx 000 0 und d
100 _aJayarathnam K
245 0 _aControl of the snail Cryptosoma bistriails attacking Hevea brasiliensis
260 _bPlacrosym II, 1979
_c1979
300 _a237-242
700 _aRajendran T P
942 _cJS
999 _c56324
_d56324